Las almas de Quevedo / (Record no. 74215)

MARC details
000 -LEADER
campo de control de longitud fija 00777nam a2200181 i 4500
001 - NÚMERO DE CONTROL
campo de control 74215
003 - IDENTIFICADOR DE NÚMERO DE CONTROL
campo de control ES-MaACL
005 - FECHA Y HORA DE LA ÚLTIMA TRANSACCIÓN
campo de control 20240521101946.0
007 - CAMPO FIJO DE DESCRIPCIÓN FÍSICA--INFORMACIÓN GENERAL
campo de control de longitud fija t|
008 - DATOS DE LONGITUD FIJA--INFORMACIÓN GENERAL
campo de control de longitud fija 040916s1946 sp ||||1| spa d
100 1# - ENTRADA PRINCIPAL--NOMBRE DE PERSONA
Nombre de persona Amezúa y Mayo, Agustín G. de,
Fechas asociadas al nombre 1881-1956
9 (RLIN) 21219
245 14 - MENCIÓN DEL TÍTULO
Título Las almas de Quevedo /
Mención de responsabilidad, etc. discurso leído por Agustín G. de Amezúa y Mayo, individuo de número de la Junta pública que celebró la Real Academia Española eldía 17 de febrero de 1946 para conmemorar el III centenario de la muerte de D. Francisco de Quevedo Villegas.
260 ## - PUBLICACIÓN, DISTRIBUCIÓN, ETC.
Lugar de publicación, distribución, etc. Madrid :
Nombre del editor, distribuidor, etc. [s.n.,
Fecha de publicación, distribución, etc. 1946] (
Fabricante S. Aguirre)
300 ## - DESCRIPCIÓN FÍSICA
Extensión 52 p. ;
Dimensiones 26 cm.
600 14 - PUNTO DE ACCESO ADICIONAL DE MATERIA--NOMBRE DE PERSONA
Nombre de persona Quevedo, Francisco de,
Fechas asociadas al nombre 1580-1645
9 (RLIN) 94591
852 ## - LOCALIZACIÓN
Ubicación ES-MaACL
Número de control de estantería 1869-F-9
Sublocalización o colección R.29994
Holdings
Estatus retirado Estado de pérdida Estado de daño No para préstamo Colección Biblioteca de origen Biblioteca actual Ubicación en estantería Fecha de adquisición Fuente de adquisición Total de préstamos Signatura topográfica completa Código de barras Visto por última vez Precio de reemplazo Tipo de ítem Koha
        Colección de folletos Biblioteca del Ateneo de Madrid Biblioteca del Ateneo de Madrid Depósito folletos 17/01/2008     1869-F-9 1077688 23/02/2023 23/02/2023 Folleto